Планирование себестоимости и прибыли в объединении

গ্রন্থ-পঞ্জীর বিবরন
প্রধান লেখক: Исаков А. И. Алексей Иванович
অন্যান্য লেখক: Лейзерович П. В. Павел Владимирович
ভাষা:রুশ
প্রকাশিত: Москва, Экономика, 1986
মালা:Экономисту промышленных предприятий
বিষয়গুলি:
বিন্যাস: গ্রন্থ
KOHA link:https://koha.lib.tpu.ru/cgi-bin/koha/opac-detail.pl?biblionumber=281076

MARC

LEADER 00000nam0a2200000 4500
001 281076
005 20231101235352.0
035 |a (RuTPU)RU\TPU\book\304714 
090 |a 281076 
100 |a 20150117d1986 m y0rusy50 ca 
101 0 |a rus 
102 |a RU 
105 |a y z 001zy 
200 1 |a Планирование себестоимости и прибыли в объединении  |f А. И. Исаков, П. В. Лейзерович 
210 |a Москва  |c Экономика  |d 1986 
215 |a 64 с. 
225 1 |a Экономисту промышленных предприятий 
320 |a Библиогр. в тексте 
606 1 |a Хозяйственный расчет  |x Промышленные предприятия  |2 stltpush  |3 (RuTPU)RU\TPU\subj\17455  |9 43092 
610 1 |a экономика 
610 1 |a промышленные объединения 
610 1 |a планирование 
610 1 |a себестоимость 
610 1 |a прибыль 
675 |a 658.155  |v 3 
700 1 |a Исаков  |b А. И.  |g Алексей Иванович 
701 1 |a Лейзерович  |b П. В.  |g Павел Владимирович 
801 1 |a RU  |b 63413507  |c 20150117 
801 2 |a RU  |b 63413507  |c 20170123  |g RCR 
942 |c BK